Pambum koniyum:oru vyavasayiyude kurippukal (Record no. 156616)

MARC details
000 -LEADER
fixed length control field 00716nam a22002417a 4500
003 - CONTROL NUMBER IDENTIFIER
control field OSt
020 ## - INTERNATIONAL STANDARD BOOK NUMBER
International Standard Book Number 8188582182
020 ## - INTERNATIONAL STANDARD BOOK NUMBER
International Standard Book Number 9788188582181
082 ## - DEWEY DECIMAL CLASSIFICATION NUMBER
Classification number 658
Item number BOB/PA
100 ## - MAIN ENTRY--PERSONAL NAME
Personal name Boban Kollannur
245 ## - TITLE STATEMENT
Title Pambum koniyum:oru vyavasayiyude kurippukal
Remainder of title /പാമ്പും കോണിയും:ഒരു വ്യവസായിയുടെ കുറിപ്പുകൾ
260 ## - PUBLICATION, DISTRIBUTION, ETC. (IMPRINT)
Place of publication, distribution, etc Thrissur
Name of publisher, distributor, etc Green Books
Date of publication, distribution, etc 2003
300 ## - PHYSICAL DESCRIPTION
Extent 160p.
500 ## - GENERAL NOTE
General note Paampum koniyum
500 ## - GENERAL NOTE
General note Pambum koniyum
500 ## - GENERAL NOTE
General note Pammbum koniyum
500 ## - GENERAL NOTE
General note Oru vyavasayiyude kurippukal
546 ## - LANGUAGE
Language note Malayalam
650 ## - SUBJECT ADDED ENTRY--TOPICAL TERM
Topical term or geographic name as entry element Projects
650 ## - SUBJECT ADDED ENTRY--TOPICAL TERM
Topical term or geographic name as entry element Activities
650 ## - SUBJECT ADDED ENTRY--TOPICAL TERM
Topical term or geographic name as entry element Management study
942 ## - ADDED ENTRY ELEMENTS (KOHA)
Source of classification or shelving scheme Dewey Decimal Classification
Koha item type Books (General)
Holdings
Lost status Source of classification or shelving scheme Damaged status Not for loan Collection code Home library Current library Shelving location Date acquired Cost, normal purchase price Total Checkouts Full call number Barcode Date last seen Koha item type
  Dewey Decimal Classification     General KAU Central Library, Thrissur KAU Central Library, Thrissur General 18/07/2017 85.00   658 BOB/PA 225987 18/07/2017 Books (General)
  Dewey Decimal Classification     General KAU Central Library, Thrissur KAU Central Library, Thrissur General 07/01/2022 85.00   658 BOB/PA 811901 07/01/2022 Books (General)
Kerala Agricultural University Central Library
Thrissur-(Dt.), Kerala Pin:- 680656, India
Ph : (+91)(487) 2372219
E-mail: librarian@kau.in
Website: http://library.kau.in/